000 00595nam a22002297a 4500
001 0074
003 DO-SdBNP
005 20180202112409.0
007 0074
008 151014b sp 1972 xxu||||| |||| 00| 0 spa d
040 _aBPMSU
_bspa
_cBPMSU
092 _axxxxxx
_bxxxxxxx
100 1 3 _aBlyton, Enid
245 _aLa pandilla de los cruzados /
_cEnid Blyton
260 _aBarcelona, España :
_bMolino
_c1972
300 _a187 p. :
_bil.
_c20 cm.
490 1 0 _aAventura
_v111
830 0 0 _aAventura
_n111
942 _2ddc
_cBK
945 _aInventariado, 2018/ YL
956 _aBrenda Tavárez
999 _c8383
_d8383